| 000 | 00318nam a22001337a 4500 | ||
|---|---|---|---|
| 999 |
_c528024 _d528024 |
||
| 003 | NUST | ||
| 038 | _aM.Ramzan | ||
| 082 |
_a625.8 _bFHW |
||
| 100 |
_aFHWA _919474 |
||
| 245 |
_aImproving pavement with long term pavement performance _cFHWA |
||
| 260 |
_aUSA _bFHWA _c2006 |
||
| 300 |
_a144 P, : _c25cm |
||
| 942 |
_2ddc _cBK |
||